Nutrition & biochemistry for Nurses / (Record no. 79557)

MARC details
000 -LEADER
fixed length control field 00599nam a22001817a 4500
005 - DATE AND TIME OF LATEST TRANSACTION
control field 20131015153430.0
010 ## - LCCN (DPL NO)
LC control number B-527664
020 ## - INTERNATIONAL STANDARD BOOK NUMBER
International Standard Book Number 9788184489385
Terms of availability 495.00
037 ## - SOURCE OF ACQUISITION
Stock number RP/Karol Bagh
082 ## - DEWEY DECIMAL CLASSIFICATION NUMBER
Classification number 612.39
100 ## - MAIN ENTRY--PERSONAL NAME
Personal name Raju,SM
245 ## - TITLE STATEMENT
Title Nutrition & biochemistry for Nurses /
Statement of responsibility, etc by SM Raju
260 ## - PUBLICATION, DISTRIBUTION, ETC. (IMPRINT)
Place of publication, distribution, etc N.Delhi
Name of publisher, distributor, etc JAYPEE
270 ## - ADDRESS
Address 4838/24 Ansari Road,Daryagang,
City N.Delhi
Postal code 110002
300 ## - PHYSICAL DESCRIPTION
Extent 575p.
Other physical details 27cm.(pbk)
Dimensions ill.
942 ## - ADDED ENTRY ELEMENTS (KOHA)
Source of classification or shelving scheme Dewey Decimal Classification
Item type English Books
Classification part 612.39
Call number suffix RAJ
Holdings
Withdrawn status Lost status Not for loan Collection code Home library Current library Date acquired Source of acquisition Cost, normal purchase price Full call number Barcode Copy number Cost, replacement price Koha item type
  Written-off vide DLB M. No. 383 dt 16.05.19   Non-fiction Karol Bagh Karol Bagh 23/09/2013 Mallika Books/70/23.09.13/RP-Karol Bagh/12.09.13/23.09.13 495.00 612.39 RAJ B-527664 1 495.00 English Books

© Delhi Public Library
Hit Counter
free hit counter